000
00316nam a22001457a 4500
008
210311b ||||| |||| 00| 0 eng d
020
_a
0534010253
041
_a
eng
080
_a
37
082
_a
37
100
_a
46
101
_a
EDU
245
_a
Research Methods in Education
_c
Sowell, E. J
942
_2
udc
_c
BK
999
_c
56284
_d
56284